000 00615nam a2200229Ia 4500
003 0100
008 130303s9999 xx 000 0 und d
020 _a1580510817
040 _cARRUPELIB
050 _aBX3756.M41243 A3
100 _aMartin, James
245 _aIn good company
245 _bThe fast track from the corporate World to poverty, chastity and obidience
260 _aFranklin
260 _bSheeds and Ward
260 _C2000
300 _a202p.
300 _b 22cm
650 _bFrancis of Assisi, st -- Fiction
650 _cItaly -- History 476- 1268 -- Fiction
942 _2lcc
_01
999 _c58351
_d58351